000 00374nam a2200157Ia 4500
003 LK-CoDNM
008 010623t xxu||||| |||| 00| 1 eng d
040 _aLK-CoDNM
_dLK-CoDNM
_eLK-CoDNM
041 _aeng
080 _a297 MUR
100 _aMureeds,Naqshabandi.
245 _aHaqiqat ul Haqqqni
260 _bRealisation of Reality
300 _b67p., 21 cm
942 _cBK
999 _c134561
_d134561